DBZ Characters by clue - Statistics

General Stats
  • This quiz has been taken 327 times
  • The average score is 8 of 10
Answer Stats
Hint Answer % Correct
Prince of the Saiyans Vegeta
100%
Great Saiyaman Gohan
95%
Worlds strongest human Krillin
85%
The Ox King's daughter Chi Chi
84%
Creator of the Androids and Cell Dr Gero
81%
Who people think killed Cell Mr Satan
81%
Goku's Brother Raditz
81%
New Guardian after Kami Dende
77%
Destroyed Planet Vegeta Frieza
77%
Piccolo's first fusion / Elder Guardian Nail
71%
No matching quizzes found
Score Distribution
Percent of People with Each Score
Percentile by Number Answered
Your Score History
You have not taken this quiz